| 000 | 00809nam a2200289 a 4500 | ||
|---|---|---|---|
| 999 |
_c9675 _d9675 |
||
| 001 | 9675 | ||
| 003 | BD - JhCC | ||
| 005 | 20180325192554.0 | ||
| 008 | 180321s1968 nyuab 001 0 eng d | ||
| 020 | _a0691054592 | ||
| 020 | _a0691102457 (pbk) | ||
| 035 | _a(BD-JhCC)9675 | ||
| 040 |
_aBD-JhCC _dBD-JhCC |
||
| 041 | _aeng | ||
| 050 | 0 | _aHN723 | |
| 082 |
_a952/.025 _219 _bSEI 1968 |
||
| 100 | _aSeidensticker Edward | ||
| 245 | 0 | 0 |
_aJapan / _cedited by Edward Seidensticker |
| 260 |
_aPrinceton : _bPrinceton University Press, _cc1968. |
||
| 300 |
_a160 p. : _bill., maps ; _c25 cm |
||
| 504 | _aIncludes index and bibliographical footnotes | ||
| 651 | 0 |
_aJapan _xSocial conditions _y1868-1912 |
|
| 700 | 1 | _aJansen, Marius B. | |
| 700 | 1 | _aRozman, Gilbert. | |
| 942 |
_2ddc _cBK |
||